Le livre du chevalier de la Tour Landry (Registro nro. 156742)

Detalles MARC
000 -LEADER
campo de control de longitud fija 00879nam a22002175i 4500
001 - NÚMERO DE CONTROL
campo de control 156742
003 - IDENTIFICADOR DE NÚMERO DE CONTROL
campo de control ES-MaACL
005 - FECHA Y HORA DE LA ÚLTIMA TRANSACCIÓN
campo de control 20251009144827.0
008 - DATOS DE LONGITUD FIJA--INFORMACIÓN GENERAL
campo de control de longitud fija 040812s1854 fr |||| | fre d
040 ## - FUENTE DE CATALOGACIÓN
Centro catalogador/agencia de origen CAM
Lengua de catalogación spa
Centro/agencia transcriptor CAM
100 1# - ENTRADA PRINCIPAL--NOMBRE DE PERSONA
Nombre de persona Geoffroi de la Tour Landry.
9 (RLIN) 154447
245 13 - MENCIÓN DEL TÍTULO
Título Le livre du chevalier de la Tour Landry
Resto del título : pour l'enseignement de ses filles /
Mención de responsabilidad, etc. publiée d'après les manuscrits de Paris et de Londres par Anatole de Montaiglon.
260 ## - PUBLICACIÓN, DISTRIBUCIÓN, ETC.
Lugar de publicación, distribución, etc. A Paris :
Nombre del editor, distribuidor, etc. chez P. Jannet,
Fecha de publicación, distribución, etc. 1854 (
Fabricante Imp. Guiraudet et Jouaust)
300 ## - DESCRIPCIÓN FÍSICA
Extensión XLIV, 303 p. ;
Dimensiones 17 cm.
490 1# - MENCIÓN DE SERIE
Mención de serie Bibliothèque Elzevirienne ;
Designación de volumen o secuencia 115
650 #4 - PUNTO DE ACCESO ADICIONAL DE MATERIA--TÉRMINO DE MATERIA
Término de materia o nombre geográfico como elemento de entrada Mujeres-
Subdivisión general Educación
9 (RLIN) 12094
700 1# - ENTRADA AGREGADA--NOMBRE PERSONAL
Nombre de persona Montaiglon, Anatole de,
Fechas asociadas al nombre 1824-1895
9 (RLIN) 130075
830 0# - PUNTO DE ACCESO ADICIONAL DE SERIE-TÍTULO UNIFORME
Título uniforme Bibliothèque Elzevirienne ;
Designación de volumen o secuencia 115
9 (RLIN) 180979
852 ## - LOCALIZACIÓN
Ubicación ES-MaACL
Número de control de estantería G-2306(1)
Nota libre -- Enc. tela grabada
Existencias
Estatus retirado Estado de pérdida Estado de daño No para préstamo Colección Biblioteca de origen Biblioteca actual Ubicación en estantería Fecha de adquisición Fuente de adquisición Total de préstamos Signatura topográfica completa Código de barras Visto por última vez Precio de reemplazo Tipo de ítem Koha
        Libros del s. XIX Biblioteca del Ateneo de Madrid Biblioteca del Ateneo de Madrid Depósito 2 17/01/2008     G-2306(1) 1163988 23/02/2023 23/02/2023 Libro impreso antiguo